000 00676nam a22002057a 4500
999 _c7058
_d7058
003 AR-CdUCM
008 190319b ||||| |||| 00| 0 spa d
020 _a9789873315206
040 _aMUNICIPALIDAD PROVINCIAL DEL CUSCO
_cBIBLIOTECA MUNICIPAL DEL CUSCO
082 _a869.26 /
_bD48
100 _aDelacroix, Agustín
_919879
245 _aCalmo, sonoro y de fuego /
260 _aTucumán :
_bEdiciones Trompetas :
_b[Imprenta GráficaMente],
_c2011.
300 _a55 páginas ;
_c21 cm.
650 _aPoesía argentina - Siglo XX
_915285
650 _aPoetas argentinos
_911817
650 _aAgustín Delacroix - Poemas
_919880
942 _2ddc
_cLIBROS
945 _alccs